UM Logo

Preperensyang estilo sa pag-aaral at akademikong pagganap ng mga mag-aaral sa ika-10 taong ng Digos City national high school / (Record no. 12399)

MARC details
000 -LEADER
fixed length control field 00705nam a22001697a 4500
008 - FIXED-LENGTH DATA ELEMENTS--GENERAL INFORMATION
fixed length control field 190124b ||||| |||| 00| 0 eng d
082 ## - DEWEY DECIMAL CLASSIFICATION NUMBER
Edition number 2018
Classification number UT 1139
Item number M42
100 ## - MAIN ENTRY--PERSONAL NAME
Personal name Matas, Camille Gay C.
9 (RLIN) 34993
245 ## - TITLE STATEMENT
Title Preperensyang estilo sa pag-aaral at akademikong pagganap ng mga mag-aaral sa ika-10 taong ng Digos City national high school /
Statement of responsibility, etc. Camille Gay C. Matas, Lucille Jayne D. Erie, and Via O. CaƱonera
260 ## - PUBLICATION, DISTRIBUTION, ETC. (IMPRINT)
Place of publication, distribution, etc. Digos City:
Name of publisher, distributor, etc. UMDC
Date of publication, distribution, etc. October 2018.
300 ## - PHYSICAL DESCRIPTION
Extent 51 pages;
Dimensions 30 cm.
650 ## - SUBJECT ADDED ENTRY--TOPICAL TERM
Topical term or geographic name as entry element Education
Form subdivision Filipino
General subdivision Undergraduate thesis.
9 (RLIN) 34994
700 ## - ADDED ENTRY--PERSONAL NAME
Personal name Matas, Camille Gay C.
9 (RLIN) 34993
700 ## - ADDED ENTRY--PERSONAL NAME
Personal name Erie, Lucille Jayne D.
9 (RLIN) 34995
700 ## - ADDED ENTRY--PERSONAL NAME
Personal name CaƱonera, Via O.
9 (RLIN) 34996
942 ## - ADDED ENTRY ELEMENTS (KOHA)
Source of classification or shelving scheme Dewey Decimal Classification
Koha item type Undergraduate Thesis
Holdings
Withdrawn status Lost status Source of classification or shelving scheme Damaged status Not for loan Home library Current library Date acquired Total Checkouts Full call number Barcode Date last seen Price effective from Koha item type
    Dewey Decimal Classification     UM Digos College - LIC UM Digos College - LIC 01/15/2019   UT 1139 M42 2018 1139 05/15/2025 01/24/2019 Undergraduate Thesis